| Tag |
First Indicator |
Second Indicator |
Subfields |
| LEADER |
00000cam a2200000Ia 4500 |
| 001 |
in00004510921 |
| 005 |
20191204153554.0 |
| 008 |
091006c2005 txud f|b 100 | eng d |
| 035 |
|
|
|z (UtOrBLW)49835
|
| 035 |
|
|
|a 70515
|
| 040 |
|
|
|d UtOrBLW
|
| 049 |
|
|
|a TMVM
|c 1
|
| 060 |
|
4 |
|a SF 95
|b M6271p 2005
|
| 092 |
0 |
|
|a 636.2142
|2 22
|
| 111 |
2 |
|
|a Mid-South Ruminant Nutrition Conference
|d (2005 :
|c Arlington, TX)
|
| 245 |
1 |
0 |
|a Proceedings of Mid-South Ruminant Nutrition Conference :
|b April 27-28, 2005 /
|c edited by Dr. Ellen R. Jordan, planning committee, Phil Modesitt [and others].
|
| 246 |
3 |
4 |
|a 2005 Mid-South Ruminant Nutrition Conference.
|
| 264 |
|
1 |
|a [Dallas, Tex.] :
|b Texas Animal Nutrition Council,
|c [2005]
|
| 300 |
|
|
|a 74 pages :
|b illustrations ;
|c 28 cm.
|
| 336 |
|
|
|a text
|2 rdacontent
|b txt
|
| 337 |
|
|
|a unmediated
|2 rdamedia
|
| 338 |
|
|
|a volume
|2 rdacarrier
|b nc
|
| 500 |
|
|
|a "2005 Mid-South Ruminant Nutrition Conference April 27 - 28, 2005 Hilton Arlington Hotel Arlington, TX" -- Cover.
|
| 550 |
|
|
|a Sponsored by: Texas Animal Nutrition Council and Texas Cooperative Extension, The Texas A&M University System.
|
| 504 |
|
|
|a Includes bibliographical references.
|
| 505 |
0 |
|
|a Assessment of water quality and nutrition for dairy cattle -- Appropriate methods of diagnosing mineral deficiencies -- How do the new protein rules affect what we feed -- The dollars and sense of going from good to great in the dairy business -- The underlying physiology changing reproduction in high producing dairy cows -- Mycotoxins: a review of dairy concerns -- Heifers from birth to 300 pounds: how important is rumen development -- Membership directory, Texas Animal Nutrition Council.
|
| 650 |
|
0 |
|a Dairy farming
|x Economic aspects
|v Congresses.
|
| 650 |
|
0 |
|a Dairy cattle
|x Feeding and feeds
|v Congresses.
|
| 650 |
|
2 |
|a Cattle.
|
| 650 |
|
2 |
|a Ruminants
|x physiology.
|
| 650 |
|
2 |
|a Animal Nutritional Physiological Phenomena.
|
| 650 |
|
2 |
|a Animal Feed.
|
| 655 |
|
2 |
|a Congresses.
|
| 700 |
1 |
|
|a Jordan, Ellen R.
|
| 710 |
2 |
|
|a Texas Animal Nutrition Council.
|
| 710 |
2 |
|
|a Texas Cooperative Extension Service.
|
| 999 |
|
|
|a MARS
|
| 999 |
f |
f |
|s b6409c24-6285-3c65-8f9f-992526ef09e1
|i ccfb2146-a20e-348c-8efe-91c09d13767d
|t 0
|
| 952 |
f |
f |
|p preservation
|a Texas A&M University
|b J.J. Pickle Campus
|c High Density Repository
|d Remote Storage
|t 0
|e SF 95 M6271p 2005
|h Library of Congress classification
|i unmediated -- volume
|m 3238902005784
|
| 998 |
f |
f |
|a SF 95 M6271p 2005
|t 0
|l Remote Storage
|